Farebný dážď /

Hlavní autor: Tóth, Dezider
Další autoři: Hevier, Daniel, 1955-
Jazyk: Slovenština
Vydáno: Bratislava : Mladé letá, 1981
Vydání: 1. vyd.
Edice: Omaľovačky a vystrihovačky s textom
Fyzický popis: 1 sv. (nestr.)
Knihy
Uloženo v:
LEADER 00810nam a22002532a 4500
001 001700265
003 CZ BrMZK
005 20190807172245.0
007 ta
008 190807s1981 xo er|||||||||||slo d
040 |a BOA001  |b cze  |e aacr2 
100 1 |a Tóth, Dezider  |4 ill 
245 1 0 |a Farebný dážď /  |c il. Dezider Tóth ; verše Daniel Hevier 
250 |a 1. vyd. 
260 |a Bratislava :  |b Mladé letá,  |c 1981 
300 |a 1 sv. (nestr.) 
490 1 |a Omaľovačky a vystrihovačky s textom 
521 8 |a Pro děti od 4 let 
700 1 |a Hevier, Daniel,  |d 1955-  |7 jn20000602926  |4 aut 
830 0 |a Omaľovačky a vystrihovačky s textom 
910 |a BOA001  |b X2-0839.052 
990 |a BK 
991 |b 201908 
996 7 |b 2618825643  |c X2-0839.052  |l MZK  |r Sklad / do 24 hodin  |n 0  |w 001746999  |u 000010  |a 1  |e BOA001  |j MZK50  |s A